|
|
|
|
| LEADER |
00000nam0a2200000 4500 |
| 001 |
202635 |
| 005 |
20231101225114.0 |
| 035 |
|
|
|a (RuTPU)RU\TPU\book\220821
|
| 090 |
|
|
|a 202635
|
| 100 |
|
|
|a 20111017d1966 m y0rusy50 ca
|
| 101 |
0 |
|
|a rus
|
| 102 |
|
|
|a RU
|
| 105 |
|
|
|a a z 001zy
|
| 200 |
1 |
|
|a Нитевидные кристаллы и их свойства
|f С. З. Бокштейн, И. Л. Светлов
|g Научно-техническое общество машиностроительной промышленности
|
| 210 |
|
|
|a Москва
|c Изд-во Машпром
|d 1966
|
| 215 |
|
|
|a 44 с.
|c ил.
|
| 225 |
1 |
|
|a Университет технического прогресса в машиностроении
|
| 320 |
|
|
|a Библиогр.: с. 42-43.
|
| 606 |
1 |
|
|a Металлы
|x Кристаллы нитевидные
|2 stltpush
|3 (RuTPU)RU\TPU\subj\43130
|9 62688
|
| 610 |
1 |
|
|a нитевидные кристаллы
|
| 610 |
1 |
|
|a свойства
|
| 610 |
1 |
|
|a получение
|
| 610 |
1 |
|
|a рост
|
| 610 |
1 |
|
|a кинетика
|
| 610 |
1 |
|
|a исследование
|
| 610 |
1 |
|
|a использование
|
| 675 |
|
|
|a 669:548
|v 3
|
| 675 |
|
|
|a 548.5
|v 3
|
| 700 |
|
1 |
|a Бокштейн
|b С. З.
|g Самуил Зеликович
|
| 701 |
|
1 |
|a Светлов
|b И. Л.
|g Игорь Леонидович
|
| 712 |
0 |
2 |
|a Научно-техническое общество машиностроительной промышленности
|2 stltpush
|3 (RuTPU)RU\TPU\col\8341
|9 24512
|
| 801 |
|
1 |
|a RU
|b 63413507
|c 20111017
|
| 801 |
|
2 |
|a RU
|b 63413507
|c 20190207
|g RCR
|
| 942 |
|
|
|c BK
|